Náš názor na... goodwill a predaj podniku v konkurze

Predaj podniku rieši zákon č. 513/1991 Zb. Obchodný zákonník v znení neskorších predpisov. Charakteristika podniku. Konkurz upravuje zákon č. 328/1991 Zb. o konkurze a vyrovnaní v znení neskorších predpisov. Charakteristika a účtovanie goodwillu.

Gespeichert in:
Bibliographische Detailangaben
1. Verfasser: Škultéty, Jozef
Weitere Verfasser: Kolibárová, Martina
Format: Buchkapitel
Sprache:Slowakisch
Schlagworte:
Tags: Tag hinzufügen
Keine Tags, Fügen Sie das erste Tag hinzu!

MARC

LEADER 00000naa$a2200000$$$4500
001 0039724
005 20240502071504.2
041 0 |a slo 
044 |a SK 
245 1 0 |a Náš názor na...  |b goodwill a predaj podniku v konkurze  |c Jozef Škultéty, Martina Kolibárová 
520 |a Predaj podniku rieši zákon č. 513/1991 Zb. Obchodný zákonník v znení neskorších predpisov. Charakteristika podniku. Konkurz upravuje zákon č. 328/1991 Zb. o konkurze a vyrovnaní v znení neskorších predpisov. Charakteristika a účtovanie goodwillu. 
610 2 0 |a podnik 
610 2 0 |a predaj 
610 2 0 |a konkurzy 
610 2 0 |a goodwill 
610 2 0 |a zákony 
610 2 0 |a účtovanie 
100 1 |a Škultéty, Jozef 
700 1 |a Kolibárová, Martina